<?xml version="1.0" encoding="UTF-8"?>
<record
    xmlns:xsi="http://www.w3.org/2001/XMLSchema-instance"
    xsi:schemaLocation="http://www.loc.gov/MARC21/slim http://www.loc.gov/standards/marcxml/schema/MARC21slim.xsd"
    xmlns="http://www.loc.gov/MARC21/slim">

  <leader>00710nam a22001937a 4500</leader>
  <datafield tag="999" ind1=" " ind2=" ">
    <subfield code="c">61702</subfield>
    <subfield code="d">61702</subfield>
  </datafield>
  <controlfield tag="005">20240418151512.0</controlfield>
  <controlfield tag="008">240418s2000    enk||||| |||| 00| 0 eng d</controlfield>
  <datafield tag="020" ind1=" " ind2=" ">
    <subfield code="a">9780702020407x</subfield>
  </datafield>
  <datafield tag="080" ind1=" " ind2=" ">
    <subfield code="a">611.0(075.8) D-29</subfield>
  </datafield>
  <datafield tag="100" ind1=" " ind2=" ">
    <subfield code="a">Dean, Christopher</subfield>
    <subfield code="9">21863</subfield>
  </datafield>
  <datafield tag="245" ind1=" " ind2=" ">
    <subfield code="a">Core Anatomy for Students :</subfield>
    <subfield code="b"> Vol. 1: The Limbs and Vertebral Column /</subfield>
    <subfield code="c">Christopher Dean, John Pegington.</subfield>
  </datafield>
  <datafield tag="264" ind1=" " ind2=" ">
    <subfield code="a">London :</subfield>
    <subfield code="b">Saunders,</subfield>
    <subfield code="c">2000.</subfield>
  </datafield>
  <datafield tag="300" ind1=" " ind2=" ">
    <subfield code="a">198 p. :</subfield>
    <subfield code="b">ill. </subfield>
    <subfield code="c">25 cm.</subfield>
  </datafield>
  <datafield tag="653" ind1=" " ind2=" ">
    <subfield code="a">&#x10D9;&#x10D8;&#x10D3;&#x10E3;&#x10E0;&#x10D4;&#x10D1;&#x10D8;&#x10E1; &#x10D0;&#x10DC;&#x10D0;&#x10E2;&#x10DD;&#x10DB;&#x10D8;&#x10D0;</subfield>
  </datafield>
  <datafield tag="653" ind1=" " ind2=" ">
    <subfield code="a">&#x10EE;&#x10D4;&#x10E0;&#x10EE;&#x10D4;&#x10DB;&#x10DA;&#x10D8;&#x10E1; &#x10D0;&#x10DC;&#x10D0;&#x10E2;&#x10DD;&#x10DB;&#x10D8;&#x10D0;</subfield>
  </datafield>
  <datafield tag="653" ind1=" " ind2=" ">
    <subfield code="a">&#x10DB;&#x10D4;&#x10D3;&#x10D8;&#x10EA;&#x10D8;&#x10DC;&#x10D0;</subfield>
  </datafield>
  <datafield tag="700" ind1=" " ind2=" ">
    <subfield code="a">Pegington, John</subfield>
    <subfield code="e">&#x10D0;&#x10D5;&#x10E2;&#x10DD;&#x10E0;&#x10D8;</subfield>
    <subfield code="9">21864</subfield>
  </datafield>
  <datafield tag="942" ind1=" " ind2=" ">
    <subfield code="2">udc</subfield>
    <subfield code="c">BK</subfield>
  </datafield>
  <datafield tag="952" ind1=" " ind2=" ">
    <subfield code="0">0</subfield>
    <subfield code="1">0</subfield>
    <subfield code="2">udc</subfield>
    <subfield code="4">0</subfield>
    <subfield code="6">61100758_D29</subfield>
    <subfield code="7">0</subfield>
    <subfield code="9">98695</subfield>
    <subfield code="a">CPL</subfield>
    <subfield code="b">CPL</subfield>
    <subfield code="c">GEN</subfield>
    <subfield code="d">2024-04-18</subfield>
    <subfield code="g">65.00</subfield>
    <subfield code="o">611.0(075.8) D-29</subfield>
    <subfield code="p">67867</subfield>
    <subfield code="r">2024-04-18</subfield>
    <subfield code="t">67867</subfield>
    <subfield code="w">2024-04-18</subfield>
    <subfield code="y">BK</subfield>
    <subfield code="z">65 &#x10DA;.</subfield>
  </datafield>
</record>
